| 000 | 00710nam a2200217 i 4500 | ||
|---|---|---|---|
| 001 | 5455 | ||
| 003 | ES-MaACL | ||
| 005 | 20240425063200.0 | ||
| 007 | t| | ||
| 008 | 880624s1987 sp ||||1| spa d | ||
| 020 | _a84-7683-042-4 | ||
| 080 | _a86-14"19" | ||
| 080 | _a86(Soto Verges, R.7 A.01) | ||
| 100 | 1 |
_aSoto Vergés, Rafael, _d1936-2004 _9107533 |
|
| 245 | 1 | 0 |
_aAntologia magica / _cRafael Soto Verges ; ilustraciones de Hector Carrion. |
| 260 |
_aMadrid : _bEdiciones Libertarias, _cD.L.1987. |
||
| 300 |
_a91 p., l h. : _bil. ; _c20 cm. |
||
| 700 | 1 |
_aFernández-Carrión, Miguel-Héctor, _d1955- _935796 |
|
| 852 |
_aES-MaACL _jL-12061 _bR.115029 _z. - Rust. |
||
| 999 |
_c5455 _d5455 |
||